Hanoak : (Record no. 71779)

MARC details
000 -LEADER
campo de control de longitud fija 01469cam a22004454a 4500
001 - NÚMERO DE CONTROL
campo de control 50011
005 - FECHA Y HORA DE LA ÚLTIMA TRANSACCIÓN
campo de control 20230410124134.0
008 - DATOS DE LONGITUD FIJA--INFORMACIÓN GENERAL
campo de control de longitud fija 990708s1999 njua 000 0 eng
010 ## - NÚMERO DE CONTROL DE LA BIBLIOTECA DEL CONGRESO
Número de control de LC 99065246
035 ## - NÚMERO DE CONTROL DEL SISTEMA
Número de control de sistema (OCoLC)ocm44815525
040 ## - FUENTE DE CATALOGACIÓN
Centro catalogador/agencia de origen DLC
Centro/agencia transcriptor DLC
Centro/agencia modificador BAKER
-- BTCTA
-- YDXCP
-- STF
020 ## - NÚMERO INTERNACIONAL ESTÁNDAR DEL LIBRO
Número Internacional Estándar del Libro 1565911024 (hardcover)
020 ## - NÚMERO INTERNACIONAL ESTÁNDAR DEL LIBRO
Número Internacional Estándar del Libro 9781565911024 (hardcover)
029 1# - OTRO NÚMERO DE CONTROL DE SISTEMA (OCLC)
Identificador de la biblioteca OCLC NLGGC
Número de control de sistema 203768760
029 1# - OTRO NÚMERO DE CONTROL DE SISTEMA (OCLC)
Identificador de la biblioteca OCLC YDXCP
Número de control de sistema 1642781
029 1# - OTRO NÚMERO DE CONTROL DE SISTEMA (OCLC)
Identificador de la biblioteca OCLC NZ1
Número de control de sistema 5894751
035 ## - NÚMERO DE CONTROL DEL SISTEMA
Número de control de sistema (OCoLC)44815525
042 ## - CÓDIGO DE AUTENTICACIÓN
Código de autenticación pcc
043 ## - CÓDIGO DE ÁREA GEOGRÁFICA
Código de área geográfica a-kr---
050 14 - SIGNATURA TOPOGRÁFICA DE LA BIBLIOTECA DEL CONGRESO
Número de clasificación NA 7453.6
Número de ítem H247 1999
082 00 - NÚMERO DE LA CLASIFICACIÓN DECIMAL DEWEY
Número de clasificación 728/.09519
Número de edición 21
049 ## - FONDOS LOCALES (OCLC)
Biblioteca depositaria GRAL
245 00 - MENCIÓN DEL TÍTULO
Título Hanoak :
Resto del título traditional Korean homes /
Mención de responsabilidad, etc. authors, Choi, Jae-Soon ... [et al.].
246 30 - FORMA VARIANTE DEL TITULO
Título propio/Titulo breve Traditional Korean homes
260 ## - PUBLICACIÓN, DISTRIBUCIÓN, ETC.
Lugar de publicación, distribución, etc. Elizabeth, NJ :
Nombre del editor, distribuidor, etc. Hollym,
Fecha de publicación, distribución, etc. 1999.
300 ## - DESCRIPCIÓN FÍSICA
Extensión 239 p. :
Otras características físicas col. ill. ;
Dimensiones 27 cm.
504 ## - NOTA DE BIBLIOGRAFÍA, ETC.
Nota de bibliografía, etc. Includes bibliographical references (p. 230-237)
650 #0 - PUNTO DE ACCESO ADICIONAL DE MATERIA--TÉRMINO DE MATERIA
Término de materia o nombre geográfico como elemento de entrada Architecture, Domestic
Subdivisión geográfica Korea.
650 #0 - PUNTO DE ACCESO ADICIONAL DE MATERIA--TÉRMINO DE MATERIA
Término de materia o nombre geográfico como elemento de entrada Vernacular architecture
Subdivisión geográfica Korea.
650 #0 - PUNTO DE ACCESO ADICIONAL DE MATERIA--TÉRMINO DE MATERIA
Término de materia o nombre geográfico como elemento de entrada Interior decoration
Subdivisión geográfica Korea.
650 #0 - PUNTO DE ACCESO ADICIONAL DE MATERIA--TÉRMINO DE MATERIA
Término de materia o nombre geográfico como elemento de entrada House furnishings
Subdivisión geográfica Korea.
700 1# - ENTRADA AGREGADA--NOMBRE PERSONAL
Nombre de persona Choi, Jae-Soon.
856 42 - LOCALIZACIÓN Y ACCESO ELECTRÓNICOS
Materiales especificados Más?... busque en WorldCat (solo desde FUNGLODE)
Identificador Uniforme de Recursos <a href="www.firstsearch.oclc.org/fsip">www.firstsearch.oclc.org/fsip</a>
938 ## -
-- Baker & Taylor
-- BKTY
-- 52.50
-- 57.45
-- 1565911024
-- 0003444364
-- active
938 ## -
-- Baker and Taylor
-- BTCP
-- 99065246
938 ## -
-- YBP Library Services
-- YANK
-- 1642781
942 ## - ELEMENTOS DE ENTRADA SECUNDARIOS (KOHA)
Fuente del sistema de clasificación o colocación Clasificación de Library of Congress
Tipo de ítem Koha
946 ## - PROCESAMIENTO DE INFORMACIÓN LOCAL (OCLC)
a mfcruz
994 ## -
-- C0
-- DRFGD
Holdings
Estatus retirado Estado de pérdida Fuente del sistema de clasificación o colocación Estado de daño No para préstamo Colección Biblioteca de origen Biblioteca actual Ubicación en estantería Fecha de adquisición Serial enumeration / chronology Signatura topográfica completa Código de barras Visto por última vez Copia número Tipo de ítem Koha
    Clasificación de Library of Congress     Humanidades Biblioteca Juan Bosch Biblioteca Juan Bosch Humanidades (4to. Piso) 10/04/2023 1 NA 7453.6 H247 1999 00000050973 25/10/2018 1